000 00239nam a2200097Ia 4500
001 653899
005 20250826154507.0
008 250824s9999 xx 000 0 und d
245 0 _aKARANLIK YOL
_cJACK SAİLOR
260 _bGENÇ HAYAT YAYINLARI
999 _c653899
_d653899